Resignificando lo grupal en el trabajo social
Furkejuvvon:
| Váldodahkkit: | , |
|---|---|
| Materiálatiipa: | Girji |
| Giella: | espánnjágiella |
| Almmustuhtton: |
Buenos Aires
Espacio
2006
|
| Preanttus: | 1a. ed |
| Ráidu: | Ciencias Sociales
|
| Fáttát: | |
| Fáddágilkorat: |
Lasit fáddágilkoriid
Eai fáddágilkorat, Lasit vuosttaš fáddágilkora!
|
MARC
| LEADER | 00000nam a2200000 a 4500 | ||
|---|---|---|---|
| 001 | UCJ0668 | ||
| 003 | CL-VaPUC | ||
| 008 | 060825e20060000AG |||||||||||||||||spa|d | ||
| 020 | |a 9508022205 | ||
| 082 | 0 | 4 | |a 361.3 |b DEL |2 21 |
| 100 | 0 | |a Dell'Anno, Amelia |e author |9 500910 | |
| 700 | 0 | |a Teubal, Ruth |e author |9 500911 | |
| 245 | 1 | 0 | |a Resignificando lo grupal en el trabajo social |
| 250 | |a 1a. ed | ||
| 300 | |a 222 p | ||
| 942 | |c BK | ||
| 945 | |d 20060825 00:00:00 |a jtorresc | ||
| 260 | |a Buenos Aires |b Espacio |c 2006 | ||
| 500 | |a www.espacioeditorial.com.ar | ||
| 650 | 0 | |a Trabajo social |9 307856 | |
| 583 | |a last modification |c 20140408 10:35:07 |k Rodrigo Vera | ||
| 490 | 0 | |a Ciencias Sociales | |
| 999 | |c 317432 |d 317430 | ||
| 952 | |0 0 |1 0 |4 0 |6 361_300000000000000_DEL_2006 |7 0 |8 A |9 393798 |a BIBGIM |b BIBGIM |d 2019-11-22 |i 4266919 |o 361.3 DEL 2006 |p 4266919 |r 2025-01-15 |w 2019-11-22 |y BK |k SSL | ||